000 01760nam0a2200397 4500
001 RU\NLR\bibl\1052498
005 20250615034446.0
010 _a5-9693-0052-7
021 _aRU
_b2006-89385
_94532
035 _a(nilc)RSL-KNO-003022120
035 _a(NLR Aleph) 001039805
090 _a811419
_c811419
100 _a20070117d2007 |||y0rusy50 ca
101 1 _arus
_ceng
102 _aRU
105 _aa zzzz|||||
106 _ar
200 1 _aСуть перемен
_eпутеводитель
_eинструменты и тактика руководства преобразованиями в компании
_fДэн С. Коэн
_g[пер. с англ. Е. Пестерева]
210 _aМосква
_cОлимп-Бизнес
_cиздатель В. Стабников
_d2007 [т.е. 2006]
215 _aXII,302,[1] с.
_cил.
_d22
225 1 _aМаг консалтинг
300 _aЗагл. и авт. ориг.: The heart of change / Dan S. Cohen
300 _aКн. фактически издана в 2006 г.
320 _aБиблиогр. в тексте
454 0 _12001#$aThe heart of change$fDan S. Cohen
_1700#1$aCohen$bD. S.$gDan S.$4070
_tThe heart of change
_aCohen, Dan S.
606 1 _aФирмы
_xЭкономика
_92107839
_3RU\NLR\auth\661274140
610 0 _aЭкономика -- Капиталистические страны -- Предприятие -- Управление -- Пособие для специалистов
686 _aУ829-21,07
_2rubbk
686 _aУ29(0)
700 1 _aКоэн
_bД. С.
_gДэн С.
_4070
801 0 _aRU
_bРКП
_c20070117
_grcr
801 1 _aRU
_bРГБ
_c20070117
801 2 _aRU
_bNLR
_c20070301
_grcr
942 _cBOOK
980 _aNB